Представление документа в формате MARC21

Поле Инд. ПП Название Значение
Тип записи a
Библиографический уровень m
001 Контрольный номер 65e7ea122ce34a9780a030f7d6029050
005 Дата корректировки 20170830084004.3
008 Кодируемые данные 080618
020 a ISBN 5-89173-861-9
c Цена, тираж 15.00
040 a Служба первич. каталог. НБ ТвГУ
041 0_ a Код языка текста rus
080 a Индекс УДК 821.161.1.09(075.3)
084 a Индекс другой классификации/Индекс ББК Ш5(2=411.2)я721-1
090 x Авторский знак Л64
a Полочн. индекс Ш5(2=411.2)
245 10 a Заглавие Литература. 11 класс
b Продолж. заглавия готовые ответы на экзаменац. вопросы
c Ответственность [сост.: Беляева Д. А.]
260 0_ a Место издания Москва
b Издательство Абрис
c Дата издания 2005
300 a Объем 78 с.
440 _0 a Серия Сутки до экзамена
500 a Примечание На обл. в подзаг.: Выпускные, вступительные, ЕГЭ.
504 a Библиография Библиогр.: с. 75.
583 a Действие Получение впервые 147 18.06.2008
k Исполнитель действия Дар ООО "Кроун"
650 04 a Основная рубрика Русская литература
x Основная подрубрика Учебники для средней школы
x Основная подрубрика Экзамены
653 0_ a Ключевые слова Русская литература
a Ключевые слова Литература
a Ключевые слова Экзамены
700 1_ a Другие авторы Беляева Д. А.
e Роль лиц сост.
852 41 t Порядковый номер экземпляра 1
p Инвентарный номер 911479
863 t 00215563
888 a Бесплатные
930 a Новая/Ретро учебники
952 p 147.2008 15.00 1 911479
c Вид литературы К ру
954 a Дата поступления на обработку 20080624
999 a Подразделение 2 ч.з.